Pencarian tari kreasi baru inspitari : malam gala inspitari 2010[dvd]

Bibliographic Details
Format: Book
Published: Kuala Lumpur : auditorium DBKL , 2011
Subjects:

MARC

LEADER 00000cam a2200000 7i4500
001 0000039772
005 20140106.0
090 0 0 |a DVD   |b 109 
245 0 0 |a Pencarian tari kreasi baru inspitari :   |b malam gala inspitari 2010[dvd] 
260 |a Kuala Lumpur :   |b auditorium DBKL ,   |c 2011 
300 |a DVD 
650 0 |a Jabatan Kebudayaan & Kesenian Negara 
650 0 |a Kementerian Penerangan Malaysia   |x Rtm 
999 |a 0001261271   |b CD-ROM   |c Adult Collection   |e Cawangan Bandar Tenggara 
999 |a 0001261273   |b Digital Video Disc   |c REFERENCE   |e Cawangan Segamat 
999 |a 0001261284   |b Digital Video Disc   |c Audiovisual   |e Cawangan Muar 
999 |a 0001349242   |b Digital Video Disc   |c Adult Collection   |e Perbadanan Perpustakaan Awam Johor 
999 |a CD01261272   |b CD-ROM   |c Adult Collection   |e Cawangan Taman Sri Lambak 
999 |a CD01261281   |b Digital Video Disc   |c Audiovisual   |e Cawangan Tmn. Ungku Tun Aminah